[Event "AUTO-OPEN-2769"]
[Site "http://www.queenalice.com/game.php?id=1140396"]
[Date "2013.1.13"]
[Round "2"]
[White "mouderjr"]
[Black "rockyroad"]
[Result "0-1"]
[WhiteElo "1894"]
[BlackElo "2330"]

1. d4 Nf6 2. c4 e6 3. Nf3 b6 4. Bg5 Bb7 5. e3 h6 6. Bh4 g5 7. Bg3 Ne4 8. Bd3
Nxg3 9. hxg3 Bg7 10. Nc3 Na6 11. a3 c5 12. Nb5 d5 13. Qa4 O-O 14. Qc2 cxd4 15.
Nbxd4 dxc4 16. Be4 Bxe4 17. Qxe4 Nc5 18. Qc2 Nd3+ 19. Ke2 Qd5 20. g4 b5 21. Rad1
f5 22. Rxd3 cxd3+ 23. Qxd3 fxg4 24. Ne1 a6 25. Rf1 Rad8 26. Nec2 e5 27. e4 Qf7
0-1

[Event "AUTO-OPEN-2769"]
[Site "http://www.queenalice.com/game.php?id=1158304"]
[Date "2013.3.6"]
[Round "3"]
[White "rockyroad"]
[Black "Norfair"]
[Result "0-1"]
[WhiteElo "2392"]
[BlackElo "2467"]

1. e4 e5 2. Nf3 Nc6 3. d4 exd4 4. Nxd4 Bc5 5. Be3 Qf6 6. c3 Nge7 7. Bc4 Ne5 8.
Be2 Qg6 9. O-O d6 10. f3 O-O 11. Nd2 Bb6 12. Kh1 f5 13. f4 N5c6 14. Nxc6 Nxc6
15. Bxb6 axb6 16. Bf3 Kh8 17. g3 fxe4 18. Nxe4 Bf5 19. Nf2 Qf7 20. b3 Rad8 21.
Bd5 Be6 22. Bxe6 Qxe6 23. Re1 Qf7 24. Qd2 d5 25. Rad1 d4 26. cxd4 Rxd4 27. Qc3
Qd5+ 28. Kg1 h6 29. Rd3 Rd8 30. Rxd4 Nxd4 31. Kf1 c5 32. Re5 Qf7 33. Qe3 Qg6 34.
Kg2 Ra8 35. a4 Qc2 36. Re7 Qxb3 37. Re8+ Rxe8 38. Qxe8+ Qg8 39. Qe7 Qd5+ 40. Kh3
Ne6 41. Qf7 Ng5+ 0-1

[Event "AUTO-OPEN-2769"]
[Site "http://www.queenalice.com/game.php?id=1158305"]
[Date "2013.3.6"]
[Round "3"]
[White "Norfair"]
[Black "rockyroad"]
[Result "1/2-1/2"]
[WhiteElo "2465"]
[BlackElo "2339"]

1. e4 e6 2. d4 d5 3. Nc3 Nf6 4. e5 Nfd7 5. f4 c5 6. Nf3 Nc6 7. Be3 Be7 8. Be2
O-O 9. O-O a6 10. g4 f6 11. exf6 Nxf6 12. h3 Ne4 13. Nxe4 dxe4 14. Ne5 Nxd4 15.
c3 Nxe2+ 16. Qxe2 Qc7 17. Rad1 b5 18. g5 Bd6 19. Qd2 Bxe5 20. fxe5 Rxf1+ 21.
Rxf1 Bb7 22. Qd6 Qxd6 23. exd6 Bc6 24. Bxc5 Rd8 25. b3 Rd7 26. c4 Rf7 27. Rxf7
Kxf7 28. Bd4 bxc4 29. bxc4 Kg6 30. Kf2 1/2-1/2

[Event "Challenge"]
[Site "http://www.queenalice.com/game.php?id=1159696"]
[Date "2013.3.10"]
[Round "-"]
[White "rockyroad"]
[Black "caboclo"]
[Result "0-1"]
[WhiteElo "2362"]
[BlackElo "2426"]

1. e4 e5 2. Nf3 d6 3. d4 exd4 4. Nxd4 Nf6 5. Nc3 Be7 6. Be2 O-O 7. O-O Re8 8. f3
c5 9. Nb3 Nc6 10. Be3 Be6 11. Nd5 Bxd5 12. exd5 Nb4 13. c4 Nd7 14. a3 Bf6 15.
Bc1 Na6 16. Qc2 Nc7 17. Bf4 Ne5 18. Rae1 Rb8 19. Nd2 b5 20. b3 Ng6 21. Bg3 h5
22. Ne4 h4 23. Bf2 Nf4 24. Be3 Be5 25. Qc1 Nxe2+ 26. Rxe2 f5 27. Nf2 bxc4 28.
bxc4 Rb3 29. Bf4 Rc3 30. Qe1 Bd4 31. Rxe8+ Qxe8 32. Bxd6 Qxe1 33. Rxe1 Rc2 34.
Rf1 Na8 35. Be7 h3 36. Bd8 Kf7 37. gxh3 Nb6 0-1

[Event "4"]
[Site "http://www.queenalice.com/game.php?id=1160035"]
[Date "2013.3.11"]
[Round "-"]
[White "Kir"]
[Black "rockyroad"]
[Result "0-1"]
[WhiteElo "2337"]
[BlackElo "2342"]

1. d4 e6 2. e4 d5 3. Nd2 Nf6 4. e5 Nfd7 5. Bd3 c5 6. c3 Nc6 7. Ne2 cxd4 8. cxd4
f6 9. Nf4 Nxd4 10. Qh5+ Ke7 11. Ng6+ hxg6 12. exf6+ Nxf6 13. Qxh8 Kf7 14. f4 Nc6
15. Qh4 e5 0-1

[Event "AUTO-MASTER-1749"]
[Site "http://www.queenalice.com/game.php?id=1161528"]
[Date "2013.3.16"]
[Round "2"]
[White "rockyroad"]
[Black "hba111"]
[Result "1/2-1/2"]
[WhiteElo "2348"]
[BlackElo "2732"]

1. e4 c5 2. Nc3 Nc6 3. Nge2 Qb6 4. g3 e6 5. Bg2 Nf6 6. O-O Be7 7. d3 O-O 8. b3
d6 9. Bb2 Bd7 10. a4 a6 11. Kh1 Qa5 12. d4 cxd4 13. Nxd4 Rad8 14. Nce2 e5 15.
Nxc6 Bxc6 16. Nc3 d5 17. Nxd5 Nxd5 18. exd5 Bxd5 19. Qe2 Bxg2+ 20. Kxg2 Qd5+ 21.
Kg1 f6 22. Rad1 Qc6 23. Rxd8 Rxd8 24. Rd1 Rxd1+ 25. Qxd1 g6 26. Qe2 Kf7 27. c3
b5 28. axb5 axb5 29. h4 Bd6 30. h5 Bf8 31. hxg6+ hxg6 32. c4 bxc4 33. Qxc4+ Qxc4
34. bxc4 Ke6 35. Kf1 Kf5 36. f3 Ke6 37. Ke2 Bb4 38. g4 f5 39. Kd3 Bf8 40. Bc3
Bc5 41. gxf5+ gxf5 42. Bb2 Kd6 43. Bc3 Ke6 44. Bb2 Bf8 45. Bc1 Bb4 46. Bb2 Bc5
47. Bc3 1/2-1/2

[Event "AUTO-MASTER-1749"]
[Site "http://www.queenalice.com/game.php?id=1161529"]
[Date "2013.3.16"]
[Round "2"]
[White "hba111"]
[Black "rockyroad"]
[Result "1-0"]
[WhiteElo "2705"]
[BlackElo "2343"]

1. e4 e6 2. d4 d5 3. exd5 exd5 4. Nf3 Bd6 5. Bd3 Ne7 6. a3 O-O 7. O-O Bf5 8. Bg5
f6 9. Be3 Bxd3 10. Qxd3 c6 11. c4 Nd7 12. Nc3 Re8 13. Rae1 Nf8 14. Re2 Nfg6 15.
h4 b6 16. h5 Nf8 17. Rfe1 Qd7 18. Bd2 Kh8 19. Nh4 dxc4 20. Qf3 Ng8 21. Ne4 Bc7
22. h6 Ne6 23. Qh3 Rad8 24. Nc3 1-0

[Event "AUTO-MASTER-1749"]
[Site "http://www.queenalice.com/game.php?id=1161530"]
[Date "2013.3.16"]
[Round "2"]
[White "rockyroad"]
[Black "chess666"]
[Result "0-1"]
[WhiteElo "2354"]
[BlackElo "2493"]

1. e4 e6 2. d4 d5 3. Nc3 Nf6 4. Bg5 Bb4 5. e5 h6 6. Be3 Ne4 7. Qg4 g6 8. a3
Bxc3+ 9. bxc3 c5 10. Bd3 h5 11. Qf4 g5 12. Qf3 Nxc3 13. dxc5 d4 14. Bd2 Bd7 15.
Ne2 Bc6 16. Qg3 h4 17. Qxg5 Qxg5 18. Bxg5 h3 19. Nxd4 hxg2 20. Rg1 Rxh2 21. Kd2
Ne4+ 22. Bxe4 Bxe4 23. Bf4 Rh3 24. Nb5 Kd7 25. Nd6 Bc6 26. Nxf7 Na6 27. Be3 Rg8
28. c4 Bf3 29. Ng5 Rxg5 30. Bxg5 Nxc5 31. Kc2 Be4+ 32. Kb2 Nd3+ 33. Ka2 Nxe5 0-1

[Event "AUTO-MASTER-1749"]
[Site "http://www.queenalice.com/game.php?id=1161531"]
[Date "2013.3.16"]
[Round "2"]
[White "chess666"]
[Black "rockyroad"]
[Result "1-0"]
[WhiteElo "2498"]
[BlackElo "2346"]

1. d4 d5 2. c4 e6 3. Nc3 c6 4. Nf3 dxc4 5. a4 Bb4 6. e3 b5 7. Bd2 a5 8. axb5
Bxc3 9. Bxc3 cxb5 10. b3 Bb7 11. bxc4 b4 12. Bb2 Nf6 13. c5 O-O 14. Bb5 Bc6 15.
Ba4 Bxa4 16. Qxa4 Qd5 17. O-O Nc6 18. Rfd1 Ne4 19. Ne1 f5 20. Nd3 Qd7 21. d5
exd5 22. f3 Nf6 23. Bxf6 gxf6 24. Nf4 Ne5 25. Qc2 Rfd8 26. Rxd5 Qe7 27. Rad1 Nf7
28. Rxd8+ Rxd8 29. Nd5 Qe5 30. Qc4 Kg7 31. c6 Rc8 32. c7 Qd6 33. Qc2 f4 34. exf4
h6 35. g4 1-0

[Event "AUTO-MASTER-1749"]
[Site "http://www.queenalice.com/game.php?id=1161532"]
[Date "2013.3.16"]
[Round "2"]
[White "rockyroad"]
[Black "sergiogvh"]
[Result "0-1"]
[WhiteElo "2360"]
[BlackElo "2372"]

1. e4 e6 2. d4 d5 3. Nc3 Bb4 4. e5 c5 5. Bd2 cxd4 6. Nb5 Bc5 7. Qg4 g6 8. b4 Be7
9. Nf3 Nc6 10. Rb1 Bd7 11. Bd3 Qb8 12. Qg3 a6 13. Nbxd4 Nxd4 14. Nxd4 Bf8 15.
O-O Bg7 16. Rfe1 Ne7 17. Bg5 Nc6 18. Nf3 a5 19. a3 axb4 20. axb4 h6 21. Bd2 b5
22. h4 Ra2 23. Bc3 O-O 24. h5 d4 25. Nxd4 Nxe5 26. hxg6 Nxg6 27. Qe3 Nf4 28. Ra1
Nd5 29. Qd2 Nxc3 0-1

[Event "AUTO-MASTER-1749"]
[Site "http://www.queenalice.com/game.php?id=1161533"]
[Date "2013.3.16"]
[Round "2"]
[White "sergiogvh"]
[Black "rockyroad"]
[Result "1-0"]
[WhiteElo "2373"]
[BlackElo "2354"]

1. e4 e6 2. d4 d5 3. Nc3 Nf6 4. Bg5 Bb4 5. e5 h6 6. Bd2 Bxc3 7. bxc3 Ne4 8. Qg4
Kf8 9. Bd3 Nxd2 10. Kxd2 c5 11. h4 c4 12. Be2 Nc6 13. Rh3 b5 14. a4 bxa4 15. Rg3
Rg8 16. Qf4 Bd7 17. Bh5 Be8 18. Rf3 Qe7 19. Rxa4 a5 20. Ra1 a4 21. Ne2 a3 22.
Qg4 Qb7 23. Qxe6 1-0

[Event "AUTO-MASTER-1729"]
[Site "http://www.queenalice.com/game.php?id=1167015"]
[Date "2013.4.1"]
[Round "2"]
[White "Anonimo"]
[Black "rockyroad"]
[Result "0-1"]
[WhiteElo "2235"]
[BlackElo "2384"]

1. d4 e6 2. e4 d5 3. Nc3 Nf6 4. Bg5 Bb4 5. e5 h6 6. Bd2 Bxc3 7. bxc3 Ne4 8. Qg4
Kf8 9. Bd3 Nxd2 10. Kxd2 c5 11. h4 c4 12. Be2 Nc6 13. Qf4 b5 14. Bh5 Qe7 15. Ne2
Bd7 16. g4 Kg8 17. g5 b4 18. Rag1 bxc3+ 0-1

[Event "AUTO-MASTER-1729"]
[Site "http://www.queenalice.com/game.php?id=1167016"]
[Date "2013.4.1"]
[Round "2"]
[White "rockyroad"]
[Black "Anonimo"]
[Result "1-0"]
[WhiteElo "2376"]
[BlackElo "2243"]

1. e4 e5 2. Nf3 Nc6 3. Bb5 a6 4. Ba4 Nf6 5. O-O Be7 6. Re1 b5 7. Bb3 O-O 8. a4
b4 9. d4 d6 10. h3 exd4 11. Nxd4 Na5 12. Bg5 c5 13. Nf3 Nxb3 14. cxb3 Bb7 15. e5
dxe5 16. Nxe5 h6 17. Bh4 g5 18. Bg3 Ne4 19. Bh2 1-0

[Event "AUTO-MASTER-1729"]
[Site "http://www.queenalice.com/game.php?id=1167017"]
[Date "2013.4.1"]
[Round "2"]
[White "phystutordotcom"]
[Black "rockyroad"]
[Result "1-0"]
[WhiteElo "2181"]
[BlackElo "2376"]

1. Nf3 Nf6 2. g3 g6 3. Bg2 Bg7 4. O-O O-O 5. d4 d6 6. c4 Nbd7 7. Nc3 e5 8. e4
exd4 9. Nxd4 a6 10. Rb1 Ne5 11. b3 c6 12. f4 Neg4 13. h3 Nh6 14. f5 Nh5 15. g4
Ng3 16. Rf3 c5 17. Nc2 Qh4 18. Bxh6 Bxh6 19. Qxd6 1-0

[Event "AUTO-MASTER-1729"]
[Site "http://www.queenalice.com/game.php?id=1167018"]
[Date "2013.4.1"]
[Round "2"]
[White "rockyroad"]
[Black "phystutordotcom"]
[Result "1/2-1/2"]
[WhiteElo "2382"]
[BlackElo "2179"]

1. e4 d6 2. d4 Nf6 3. Nc3 Nbd7 4. f4 c6 5. Nf3 Qc7 6. e5 Nd5 7. Nxd5 cxd5 8. c3
dxe5 9. fxe5 Nb6 10. Bd3 h6 11. O-O Be6 12. a4 Nc4 13. b3 Na5 14. Bb5+ Nc6 15.
a5 a6 16. Ba4 g6 1/2-1/2

[Event "AUTO-MASTER-1722"]
[Site "http://www.queenalice.com/game.php?id=1167338"]
[Date "2013.4.2"]
[Round "2"]
[White "rockyroad"]
[Black "hba111"]
[Result "0-1"]
[WhiteElo "2342"]
[BlackElo "2722"]

1. d4 d5 2. c4 dxc4 3. Nf3 c5 4. e3 cxd4 5. Bxc4 Qc7 6. Qb3 e6 7. exd4 Nc6 8.
Nc3 Bd7 9. Bd3 Nf6 10. O-O Be7 11. Be3 Rc8 12. Rac1 O-O 13. Rfe1 Ng4 14. d5 Nce5
15. Nxe5 Qxe5 16. g3 Qh5 17. h4 Nxe3 18. Rxe3 Bc5 19. Ree1 Bd4 20. Qd1 Qxd1 21.
Rexd1 e5 22. Ne4 Bg4 23. Rxc8 Rxc8 24. Rb1 Bf3 25. d6 h6 26. b4 Kf8 27. a4 g6
28. Kf1 b6 29. a5 Rc6 30. axb6 Bxb6 31. Nd2 Bd5 32. b5 Rc3 33. Be4 Be6 34. Rd1
f5 35. Bc6 e4 36. Ke1 e3 37. fxe3 Rxe3+ 0-1

[Event "AUTO-MASTER-1722"]
[Site "http://www.queenalice.com/game.php?id=1167339"]
[Date "2013.4.2"]
[Round "2"]
[White "hba111"]
[Black "rockyroad"]
[Result "1-0"]
[WhiteElo "2721"]
[BlackElo "2343"]

1. e4 c5 2. c3 d6 3. d4 Nf6 4. Bd3 g6 5. h3 Bg7 6. Nf3 O-O 7. O-O Qc7 8. Bf4 Nh5
9. Be3 e5 10. Re1 exd4 11. cxd4 Nc6 12. Be2 Nf6 13. Nc3 b6 14. d5 Ne5 15. Nxe5
dxe5 16. a4 a6 17. Rc1 Bb7 18. Qd2 Rac8 19. f3 Ne8 20. a5 b5 21. Nxb5 axb5 22.
Rxc5 Qd8 23. Rxc8 Qxc8 24. Bxb5 Nd6 25. Rc1 Qd8 26. Bd3 f5 27. b4 fxe4 28. fxe4
Qd7 29. a6 Ba8 30. Qe2 Rb8 31. b5 Nc8 32. Qc2 Nb6 33. Bxb6 1-0

[Event "AUTO-ELITE-1059"]
[Site "http://www.queenalice.com/game.php?id=1169680"]
[Date "2013.4.9"]
[Round "2"]
[White "rockyroad"]
[Black "JimMorrisson"]
[Result "1-0"]
[WhiteElo "2351"]
[BlackElo "2262"]

1. e4 e6 2. d4 d5 3. Nc3 Bb4 4. e5 Qd7 5. Qg4 f5 6. Qg3 b6 7. Bd2 Ba6 8. Bxa6
Nxa6 9. Nge2 Nb8 10. Nf4 g6 11. h4 Nc6 12. a3 Bf8 13. h5 gxh5 14. Nce2 O-O-O 15.
O-O-O Nge7 16. Nxh5 Ng6 17. Bg5 Nce7 18. Nf6 Qb5 19. Nc3 Qc4 20. Nxh7 c5 21. Qd3
cxd4 22. Nb5 Qxd3 23. cxd3 Bg7 24. Nd6+ Kd7 25. Nf7 Rc8+ 26. Kd2 Rhg8 27. Nf6+
Bxf6 28. Bxf6 Rc6 29. Rc1 Rxc1 30. Rxc1 Nc6 31. Re1 Nf4 32. g3 Nh3 33. Ke2 f4
34. g4 Rf8 35. Rh1 f3+ 36. Ke1 Nf4 37. Rh7 Kc8 38. Nd6+ Kb8 39. Kd2 Ng6 40. g5
Ngxe5 41. Bxe5 Nxe5 42. Rb7+ Ka8 43. Re7 Ng4 44. g6 e5 45. Rf7 Rg8 46. g7 Rb8
47. Rf8 Nh6 48. Ne8 1-0

[Event "AUTO-ELITE-1059"]
[Site "http://www.queenalice.com/game.php?id=1169681"]
[Date "2013.4.9"]
[Round "2"]
[White "JimMorrisson"]
[Black "rockyroad"]
[Result "0-1"]
[WhiteElo "2272"]
[BlackElo "2341"]

1. e4 e6 2. d4 d5 3. Nc3 Nf6 4. e5 Nfd7 5. f4 c5 6. Nf3 Nc6 7. Be3 Be7 8. Qd2
O-O 9. g3 Rb8 10. h4 Qa5 11. Bd3 b5 12. Ng5 h6 13. Nf3 b4 14. Nd1 c4 15. Bf1 c3
16. bxc3 bxc3 17. Qh2 Ba3 18. Nf2 Nb4 19. Nd3 Bb2 20. Rd1 Qxa2 21. g4 Nxd3+ 22.
Bxd3 Ba6 23. O-O Bxd3 24. Rxd3 f5 25. exf6 Nxf6 26. g5 Ng4 27. Qh3 h5 28. Ne5
Rf5 29. Nxg4 hxg4 30. Qxg4 Qa4 31. Rf2 Qe8 32. h5 a5 33. h6 g6 34. h7+ Kh8 35.
Rd1 a4 36. Qe2 a3 37. Rff1 a2 38. Bf2 Ra8 39. Ra1 Bxa1 40. Rxa1 Kxh7 41. Be1 Qf7
42. Bxc3 Rxf4 43. Kg2 Qf5 44. Rh1+ Kg8 0-1

[Event "AUTO-ELITE-1059"]
[Site "http://www.queenalice.com/game.php?id=1169682"]
[Date "2013.4.9"]
[Round "2"]
[White "rockyroad"]
[Black "nevermore17"]
[Result "1-0"]
[WhiteElo "2368"]
[BlackElo "2221"]

1. e4 c5 2. Nc3 d6 3. g3 Nc6 4. Bg2 g6 5. d3 Bg7 6. Be3 e6 7. Qd2 h6 8. f4 Nge7
9. Nf3 Nd4 10. O-O O-O 11. f5 exf5 12. Bxh6 Nxf3+ 13. Bxf3 1-0

[Event "AUTO-ELITE-1059"]
[Site "http://www.queenalice.com/game.php?id=1169683"]
[Date "2013.4.9"]
[Round "2"]
[White "nevermore17"]
[Black "rockyroad"]
[Result "0-1"]
[WhiteElo "2267"]
[BlackElo "2359"]

1. e4 e6 2. d3 c5 3. Nd2 Nc6 4. g3 g6 5. Bg2 Bg7 6. f4 Nge7 7. Ngf3 O-O 8. O-O
d6 9. c3 b5 10. g4 b4 0-1

[Event "Challenge"]
[Site "http://www.queenalice.com/game.php?id=1286941"]
[Date "2014.6.8"]
[Round "-"]
[White "eddval"]
[Black "rockyroad"]
[Result "1-0"]
[WhiteElo "2252"]
[BlackElo "2358"]

1. e4 e6 2. d4 d5 3. Nd2 c5 4. exd5 Qxd5 5. Ngf3 cxd4 6. Bc4 Qd8 7. O-O Nc6 8.
Nb3 e5 9. Re1 Bb4 10. Bd2 Be7 11. Nxe5 Nf6 12. Nxf7 1-0